000 01163naa a22002657a 4500
001 BR9601803
003 BR-BrBNA
005 20240918181629.0
007 ta
008 230509b bl.||||| |||| 00| 0 por d
040 _aBR-BrBNA
_bpor
_cBiblioteca Nacional de Agricultura
041 _a(Pt)
072 _aL01
_b5212
090 _aL01 BR9601803
100 1 _aMelo, J.E.S. de
111 1 _a1. Seminario de Experiencias de Campo na Area de Criacoes
_cCuritiba, PR (Brazil)
_d30 Sep 1982
245 1 _aUtilizacao do bezerro holando para corte
260 3 _aCuritiba, PR (Brasil):
_c1984.
500 _aGomes, P.R.M. (coord.) 1. Seminario de Experiencias de Campo na Area de Criacoes. v. 1. Bovinocultura; Forrageiras Curitiba, PR (Brasil): 1984. p. 23-26 (BR9601803-AM)L01
650 _aBovino
650 _aConfinamento
773 0 _t1. Seminario de Experiencias de Campo na Area de Criacoes. v. 1. Bovinocultura; Forrageiras
_aGomes, P.R.M. (coord.). Empresa Paranaense de Assistencia Tecnica e Extensao Rural, Curitiba, PR (Brasil)
_wL01 BR9601803
_gCuritiba, PR (Brasil), 1984. p. 23-26
909 _a202404
_bLucia
_c55
_dLucia Elande
942 _cAM
_2AGRIS
999 _c326138
_d326138